00919nam a2200193Ia 4500999001700000082001400017100003300031245012500064300000900189500009100198650002400289650003300313650003600346700003700382700004600419710013800465942000700603952011500610 c19305d19305 a306 INT-R aInstitute of Economic Growth 0aReviewing theatre history:disciplinary agendas cultural areas, institutions in South and South-East-Asia:report & papers av.p. acontents: sponsored by Indian Council of Social Science Research, New Delhi...[et al.] aCulturevCongresses aTheatervHistoryvCongresses aTheater and societyvCongresses aNational University of Singapore aIndian Council of Social Science Research aInternational Conference on Reviewing Theatre history: Disciplinary Agendas Cultural Areas, Institutions in South and South-East-Asia cBK 00104070aNASSDOCbNASSDOCd2011-09-29i2011-09-12l0o306 INT-Rp47417r2019-04-18 00:00:00w2019-04-18yBK